| 000 | 00852nas a22002535a 4500 | ||
|---|---|---|---|
| 008 | 110505s2010 enka gr f000 0 eng d | ||
| 010 | _a006720047 | ||
| 020 | _a9780194715782 | ||
| 020 | _a0194715787 | ||
| 028 | _bwww.bl.uk. | ||
| 040 |
_aEG-ScBUE _beng _cEG-ScBUE |
||
| 082 | 0 | 4 |
_a428.24 _bSOA |
| 100 | 1 |
_aSoars, Liz. _913897 |
|
| 245 | 1 | 0 |
_aNew headway plus : _bintermediate workbook with key / _cLiz and John Soars. |
| 260 |
_aOxford ; _aNew york : _bOxford University Press, _c2010. |
||
| 300 |
_a96 p. : _bill. ; _c30 cm. |
||
| 590 | _aMohamed Hussein | ||
| 650 |
_aEnglish language -- Textbooks for foreign speakers. _923630 _2BUEsh |
||
| 650 |
_aEnglish language -- Grammar -- Problems, exercises, etc. _923631 _2BUEsh |
||
| 651 | _2BUEsh | ||
| 653 |
_bEEENG _cAugust2015 |
||
| 700 | 1 |
_aSoars, John. _923632 |
|
| 942 |
_cBB _k428.24 SOA _2ddc |
||
| 999 |
_c20587 _d20559 |
||